00273nam a2200109Ia 4500008004100000041000800041082002400049100001600073245004100089260002400130300000900154230411s9999 xx 000 0 und d aeng aS/617.51/HAW/B01762 aHawthorne M aOtolaryngology Head and Neck Surgery bMosbyaLondonc1995 a140p